[Event "Festiwal Szachowy "Przy szachownicy" B"]
[Site "Krakow"]
[Date "2010.06.25"]
[Round "1"]
[White "Betlej, Jan"]
[Black "Jedrzejowski, Mariusz"]
[Result "1-0"]
[WhiteElo "1800"]
[BlackElo "1800"]
[PlyCount "111"]
[EventDate "2010.06.25"]
[EventType "tourn"]
[EventRounds "9"]
[EventCountry "POL"]

1. d4 d5 2. c4 c6 3. Nc3 Nf6 4. e3 g6 5. cxd5 cxd5 6. Nf3 Bg7 7. Bd3 Nc6 8. Bd2
O-O 9. a3 Bg4 10. h3 Bxf3 11. Qxf3 e6 12. O-O Qe7 13. b4 Rfc8 14. b5 Nd8 15.
Na4 b6 16. Qg3 Nb7 17. Nb2 Qd7 18. Bb4 Nh5 19. Qf3 Nd6 20. a4 Nf6 21. Rac1 Nfe8
22. Bb1 Rxc1 23. Rxc1 Rc8 24. Qd1 Rc7 25. Nd3 f6 26. Ba2 Nb7 27. Ba3 Bf8 28.
Bxf8 Kxf8 29. Nb4 Na5 30. Na6 Rxc1 31. Qxc1 Ke7 32. Qc2 Nd6 33. h4 Qc8 34. Qxc8
Nxc8 35. f3 Nd6 36. Kf2 Ndc4 37. Bxc4 Nxc4 38. Ke2 Kd6 39. Kd3 h5 40. Nb4 Na5
41. e4 g5 42. exd5 exd5 43. g3 Ke6 44. Ke2 Kd6 45. g4 hxg4 46. h5 gxf3+ 47.
Kxf3 Ke6 48. Nxd5 f5 49. h6 Kf7 50. Ne3 f4 51. Nf5 Kg6 52. d5 Nb7 53. d6 Nd8
54. d7 Nf7 55. Ne7+ Kf6 56. Nc6 1-0

[Event "Festiwal Szachowy "Przy szachownicy" B"]
[Site "Krakow"]
[Date "2010.06.25"]
[Round "1"]
[White "Kosztyla, Andrzej"]
[Black "Oleksy, Helena"]
[Result "1-0"]
[WhiteElo "1671"]
[BlackElo "1250"]
[PlyCount "83"]
[EventDate "2010.06.25"]
[EventType "tourn"]
[EventRounds "9"]
[EventCountry "POL"]

1. e4 e5 2. Nf3 Nc6 3. Bc4 h6 4. d4 d6 5. dxe5 Nxe5 6. Nxe5 dxe5 7. Qxd8+ Kxd8
8. Bxf7 Nf6 9. f3 Bc5 10. Nc3 Ke7 11. Bb3 Be6 12. Bd2 Bxb3 13. cxb3 c6 14.
O-O-O b5 15. Rhe1 Nd7 16. Be3 Bb4 17. Kc2 a5 18. a3 Bd6 19. Rd2 Rhd8 20. Red1
Nf8 21. Bf2 g5 22. Ne2 Ne6 23. Be3 b4 24. a4 Bc7 25. Rxd8 Rxd8 26. Rxd8 Bxd8
27. Kd3 Bc7 28. h4 Nf4+ 29. Nxf4 exf4 30. Bf2 Kd6 31. hxg5 hxg5 32. Kc4 Bd8 33.
Bd4 Kc7 34. Bg7 Be7 35. e5 Kd7 36. Bf6 Ke6 37. Bxe7 Kxe7 38. Kc5 Ke6 39. Kb6
Kxe5 40. Kxa5 Kd6 41. Kb6 Kd7 42. Kb7 1-0

[Event "Festiwal Szachowy "Przy szachownicy" B"]
[Site "Krakow"]
[Date "2010.06.25"]
[Round "1"]
[White "Kyc, Jerzy"]
[Black "Puklo, Tomasz"]
[Result "0-1"]
[WhiteElo "1522"]
[BlackElo "1400"]
[PlyCount "104"]
[EventDate "2010.06.25"]
[EventType "tourn"]
[EventRounds "9"]
[EventCountry "POL"]

1. e4 e5 2. Nf3 Nc6 3. Bc4 h6 4. O-O Bc5 5. c3 a6 6. d4 exd4 7. cxd4 Bb4 (7..
Bxd4) 8. a3 Ba5 9. d5 Nce7 10. b4 b5 11. Bb3 Bb6 12. Bb2 f6 13. e5 Ng6 14. Qc2
Nf8 15. exf6 Nxf6 16. Re1+ Kf7 17. d6+ Ne6 18. Ne5+ Kf8 19. Ng6+ Kf7 20. Nxh8+
Qxh8 21. Bxe6+ dxe6 22. Bxf6 gxf6 23. Qc6 Ra7 24. d7 e5 25. Qe6+ Kxe6 26.
dxc8=Q+ Qxc8 27. Ra2 c5 28. Rc2 c4 29. Nd2 Rg7 30. Ne4 Qc6 31. g3 Rg4 32. Rce2
f5 33. Nc5+ Bxc5 34. Rxe5+ Kd7 35. Rxc5 Qf6 36. Rd5+ Kc6 37. Rde5 Kd6 38. f4 h5
39. Rd1+ Kc6 40. Rdd5 h4 41. Rxf5 Qa1+ 42. Kg2 Qb2+ 43. Kh3 hxg3 44. Kxg4 gxh2
45. Rc5+ Kb6 46. Rh5 Qg2+ 47. Kf5 h1=Q 48. Rg5 Qhh3+ 49. Ke5 Qe3+ 50. Kf5 Qgh3+
51. Kg6 Qee6+ 52. Kg7 Qhh6# 0-1

[Event "Festiwal Szachowy "Przy szachownicy" B"]
[Site "Krakow"]
[Date "2010.06.25"]
[Round "1"]
[White "Lankof, Piotr"]
[Black "Wojdynski, Jakub"]
[Result "0-1"]
[WhiteElo "1455"]
[BlackElo "1800"]
[PlyCount "56"]
[EventDate "2010.06.25"]
[EventType "tourn"]
[EventRounds "9"]
[EventCountry "POL"]

1. e4 c5 2. c3 Nf6 3. e5 Nd5 4. d4 cxd4 5. cxd4 e6 6. Nc3 d6 7. Nf3 Nd7 8. Bc4
Nxc3 9. bxc3 dxe5 10. dxe5 Qa5 11. Qd4 Bc5 12. Qd3 O-O 13. Ng5 g6 14. Qh3 h5
15. f4 Kg7 16. Bxe6 fxe6 17. Nxe6+ Kg8 18. Nxf8 Nxf8 19. Qg3 Bf5 20. Bd2 Rd8
21. Qf3 Qb5 22. Qe2 Rd3 23. h3 Qc6 24. Rf1 Be7 25. g4 Be4 26. f5 Bh4+ 27. Kd1
Bg5 28. e6 Qxc3 0-1

[Event "Festiwal Szachowy "Przy szachownicy" B"]
[Site "Krakow"]
[Date "2010.06.26"]
[Round "2"]
[White "Byrka, Joanna"]
[Black "Kosztyla, Andrzej"]
[Result "1-0"]
[WhiteElo "1831"]
[BlackElo "1671"]
[PlyCount "101"]
[EventDate "2010.06.25"]
[EventType "tourn"]
[EventRounds "9"]
[EventCountry "POL"]

1. e4 e5 2. Nf3 Nf6 3. Nxe5 d6 4. Nf3 Nxe4 5. Nc3 Nf6 6. d4 d5 7. Bd3 Bg4 8.
Bf4 c6 9. h3 Bh5 10. g4 Bg6 11. Ne5 Bxd3 12. Qxd3 Nbd7 13. Qe2 Nxe5 14. Bxe5
Qe7 15. Bxf6 Qxe2+ 16. Nxe2 gxf6 17. Ng3 Kd7 18. O-O Re8 19. Rae1 Bh6 20. Nf5
Bf4 21. Ng7 Rxe1 22. Rxe1 Rg8 23. Nh5 Bg5 24. Kh2 Re8 25. Rxe8 Kxe8 26. f4 Bh4
27. Ng7+ Kd7 28. Kg2 Be1 29. Kf3 Bd2 30. b3 b5 31. Nh5 Ke6 32. f5+ Ke7 33. Ke2
Bg5 34. Kd3 Kd6 35. c4 b4 36. Ng3 Bh4 37. Ne2 Bg5 38. Ng3 Bh4 39. Nf1 Bg5 40.
Nd2 Bxd2 41. Kxd2 c5 42. Kd3 a6 43. cxd5 Kxd5 44. dxc5 Kxc5 45. Ke4 h6 46. h4
a5 47. h5 Kd6 48. Kd4 Kc6 49. Kc4 Kb6 50. Kd5 Kb5 51. Kd6 1-0

[Event "Festiwal Szachowy "Przy szachownicy" B"]
[Site "Krakow"]
[Date "2010.06.26"]
[Round "2"]
[White "Oleksy, Helena"]
[Black "Kyc, Jerzy"]
[Result "0-1"]
[WhiteElo "1250"]
[BlackElo "1522"]
[PlyCount "60"]
[EventDate "2010.06.25"]
[EventType "tourn"]
[EventRounds "9"]
[EventCountry "POL"]

1. d4 d5 2. Nf3 Nf6 3. e3 c6 4. c4 e6 5. Be2 Bd6 6. O-O Nbd7 7. Nbd2 O-O 8. b3
e5 9. dxe5 Nxe5 10. Bb2 Nxf3+ 11. Nxf3 Be6 12. Qc2 Nd7 13. Bd3 h6 14. Nd4 Ne5
15. Be2 Bg4 16. f3 Bh5 17. Nf5 Bg6 18. f4 Nd7 19. Qc3 Nf6 20. Nxh6+ gxh6 21.
Qxf6 Qxf6 22. Bxf6 Rfe8 23. cxd5 Rxe3 24. Bf3 c5 25. Bg4 Rae8 26. Rac1 Bd3 27.
Rf2 Re1+ 28. Rf1 Bxf1 29. Rxe1 Rxe1 30. Kf2 Rc1 0-1

[Event "Festiwal Szachowy "Przy szachownicy" B"]
[Site "Krakow"]
[Date "2010.06.26"]
[Round "2"]
[White "Puklo, Tomasz"]
[Black "Lankof, Pitor"]
[Result "0-1"]
[WhiteElo "1400"]
[BlackElo "1455"]
[PlyCount "60"]
[EventDate "2010.06.25"]
[EventType "tourn"]
[EventRounds "9"]
[EventCountry "POL"]

1. e4 e5 2. Nf3 Nc6 3. Bc4 Bc5 4. d3 Nf6 5. Ng5 O-O 6. h3 d6 7. Nc3 h6 8. Nf3
Be6 9. Bxe6 fxe6 10. Bd2 Qd7 11. Na4 Bb6 12. Nxb6 axb6 13. a3 Rae8 14. Nh4 Kh7
15. Qf3 d5 16. O-O-O Nxe4 17. Qh5 Nxf2 18. Qg6+ Kg8 19. Bxh6 Nxd1 20. Kxd1 Rf6
21. Qg4 Rxh6 22. Rf1 Rf8 23. Re1 Qf7 24. Nf3 Rg6 25. Qh4 Rxg2 26. Ng5 Qg6 27.
Nh7 Qxh7 28. Qa4 Qh6 29. Re2 Rf1+ 30. Re1 Qd2# 0-1

[Event "Festiwal Szachowy "Przy szachownicy" B"]
[Site "Krakow"]
[Date "2010.06.26"]
[Round "2"]
[White "Wojdynski, Jakub"]
[Black "Betlej, Jan"]
[Result "1/2-1/2"]
[WhiteElo "1800"]
[BlackElo "1800"]
[PlyCount "27"]
[EventDate "2010.06.25"]
[EventType "tourn"]
[EventRounds "9"]
[EventCountry "POL"]

1. e4 c6 2. d4 d5 3. Nc3 dxe4 4. Nxe4 Bf5 5. Ng3 Bg6 6. Bc4 Nd7 7. N1e2 e5 8.
O-O Ngf6 9. Re1 Be7 10. f4 exf4 11. Nxf4 O-O 12. Nxg6 hxg6 13. Bg5 Re8 14. c3
1/2-1/2

[Event "Festiwal Szachowy "Przy szachownicy" B"]
[Site "Krakow"]
[Date "2010.06.26"]
[Round "3"]
[White "Lankof, Piotr"]
[Black "Oleksy, Helena"]
[Result "1-0"]
[WhiteElo "1455"]
[BlackElo "1250"]
[PlyCount "46"]
[EventDate "2010.06.25"]
[EventType "tourn"]
[EventRounds "9"]
[EventCountry "POL"]

1. e4 e5 2. Nf3 Nc6 3. Bc4 Be7 4. Nc3 Nf6 5. d4 exd4 6. Nxd4 O-O 7. O-O b6 8.
Be3 Bb7 9. Qe2 Ne5 10. Bd3 Rc8 11. f4 Nxd3 12. cxd3 d6 13. Nf5 Re8 14. e5 Nd5
15. Qg4 g6 16. e6 f6 (16... Nxc3) 17. Nxd5 Bxd5 18. Nh6+ Kf8 19. Nf7 f5 20. Qh3
Bxe6 21. Nxd8 Rexd8 22. Qxh7 Bf6 23. Qxg6 Ke7 1-0

[Event "Festiwal Szachowy "Przy szachownicy" B"]
[Site "Krakow"]
[Date "2010.06.26"]
[Round "3"]
[White "Betlej, Jan"]
[Black "Puklo, Tomasz"]
[Result "1-0"]
[WhiteElo "1800"]
[BlackElo "1400"]
[PlyCount "75"]
[EventDate "2010.06.25"]
[EventType "tourn"]
[EventRounds "9"]
[EventCountry "POL"]

1. e4 e5 2. Nf3 Nc6 3. d4 Bb4+ 4. c3 Ba5 5. dxe5 Qe7 6. Bf4 b6 7. b4 Bxb4 8.
cxb4 Qxb4+ 9. Qd2 Qxe4+ 10. Be2 Ba6 11. Nc3 Qg6 12. Nh4 Qe6 13. Bxa6 h6 14. Nd5
Kd8 15. Nf3 g5 16. Bg3 Nb8 17. Bb7 c6 18. Bxa8 g4 19. Nf4 Qf5 20. Nd4 c5 21.
Nc6+ Nxc6 22. Bxc6 Qxe5+ 23. Ne2 Qxa1+ 24. Nc1 Nf6 25. O-O Qd4 26. Qxd4 cxd4
27. Bh4 Ke7 28. Re1+ Kd6 29. Bxf6 Rc8 30. Bb7 Rc4 31. Nd3 Ra4 32. Ne5 Rxa2 33.
Nxf7+ Kc7 34. Bd5 Rc2 35. Be5+ Kc8 36. Bd6 Re2 37. Rxe2 d3 38. Re8# 1-0

[Event "Festiwal Szachowy "Przy szachownicy" B"]
[Site "Krakow"]
[Date "2010.06.26"]
[Round "3"]
[White "Jedrzejowski, Mariusz"]
[Black "Wojdynski, Jakub"]
[Result "0-1"]
[WhiteElo "1800"]
[BlackElo "1800"]
[PlyCount "94"]
[EventDate "2010.06.25"]
[EventType "tourn"]
[EventRounds "9"]
[EventCountry "POL"]

1. d4 Nf6 2. c4 c5 3. e3 g6 4. Nc3 Bg7 5. Nf3 O-O 6. Bd3 d6 7. h3 Nbd7 8. O-O
Re8 9. d5 e5 10. e4 Nh5 11. g3 Rf8 12. Nh2 Nb6 13. Kg2 Qe8 14. Nb5 Qd7 15. Qg4
Qd8 16. Qe2 a6 17. Nc3 Qe8 18. g4 Nf4+ 19. Bxf4 exf4 20. Rae1 Nd7 21. Nf3 Ne5
22. Bb1 Nxf3 23. Qxf3 Be5 24. Rg1 Qe7 25. Ne2 Qg5 26. Kf1 f6 27. b3 Kf7 28. Nc1
Ke7 29. Nd3 Bd7 30. Nxe5 fxe5 31. Ke2 Rab8 32. Bd3 b5 33. Rc1 b4 34. Kd2 a5 35.
Bc2 a4 36. Ra1 Ra8 37. Qh1 Qh4 38. Qg2 Ra7 39. f3 Rfa8 40. Ke2 axb3 41. Bxb3
Ba4 42. Qh1 g5 43. Rgf1 Rh8 44. Rg1 Kf6 45. Qg2 Rha8 46. Qh1 Bxb3 47. axb3 Ra2+
0-1

[Event "Festiwal Szachowy "Przy szachownicy" B"]
[Site "Krakow"]
[Date "2010.06.26"]
[Round "3"]
[White "Kyc, Jerzy"]
[Black "Byrka, Joanna"]
[Result "1/2-1/2"]
[WhiteElo "1522"]
[BlackElo "1831"]
[PlyCount "61"]
[EventDate "2010.06.25"]
[EventType "tourn"]
[EventRounds "9"]
[EventCountry "POL"]

1. e4 c5 2. Nf3 Nc6 3. d4 cxd4 4. Nxd4 Nf6 5. Nc3 d6 6. Bc4 Qb6 7. Nxc6 bxc6 8.
O-O g6 9. Bb3 Bg7 10. Be3 Qc7 11. f3 O-O 12. Qd2 Rd8 13. Bh6 Bh8 14. Rae1 Ba6
15. Rf2 Rab8 16. Qe3 e6 17. Rd2 c5 18. Bf4 Ne8 19. Qf2 Bd4 20. Be3 Bxe3 21.
Qxe3 c4 22. Ba4 Rxb2 23. Bxe8 Rxe8 24. Red1 Rd8 25. Qf4 Qa5 26. Qf6 Rd7 27. Kh1
Rb6 28. h3 Rc6 29. f4 Qd8 30. Qd4 Qb6 31. Qf6 1/2-1/2

[Event "Festiwal Szachowy "Przy szachownicy" B"]
[Site "Krakow"]
[Date "2010.06.27"]
[Round "4"]
[White "Byrka, Joanna"]
[Black "Lankof, Piotr"]
[Result "1/2-1/2"]
[WhiteElo "1831"]
[BlackElo "1455"]
[PlyCount "50"]
[EventDate "2010.06.25"]
[EventType "tourn"]
[EventRounds "9"]
[EventCountry "POL"]

1. e4 e5 2. Nf3 Nc6 3. d4 exd4 4. Nxd4 Bc5 5. Nxc6 Qf6 6. Qf3 bxc6 7. Nc3 d6 8.
Bc4 Qxf3 9. gxf3 Ne7 10. Rg1 Bd4 11. Be3 Bxe3 12. fxe3 g6 13. O-O-O Be6 14. Bb3
Bxb3 15. axb3 O-O-O 16. Rd4 c5 17. Rd2 f5 18. Nd5 Nxd5 19. exd5 Rde8 20. Re2
Re5 21. c4 Kd7 22. Kc2 Rhe8 23. Rge1 c6 24. dxc6+ Kxc6 25. Kd3 Rb8 1/2-1/2

[Event "Festiwal Szachowy "Przy szachownicy" B"]
[Site "Krakow"]
[Date "2010.06.27"]
[Round "4"]
[White "Puklo, Tomasz"]
[Black "Jedrzejowski, Mariusz"]
[Result "0-1"]
[WhiteElo "1400"]
[BlackElo "1800"]
[PlyCount "68"]
[EventDate "2010.06.25"]
[EventType "tourn"]
[EventRounds "9"]
[EventCountry "POL"]

1. e4 c5 2. Nf3 e6 3. Bc4 a6 4. Nc3 b5 5. Be2 Bb7 6. d3 d6 7. O-O Nf6 8. h3 Be7
9. Re1 O-O 10. Be3 Nc6 11. a3 d5 12. exd5 exd5 13. Bg5 d4 14. Ne4 Nxe4 15. Bxe7
Nxe7 16. dxe4 Bxe4 17. Ng5 Bg6 18. h4 h6 19. Nh3 Re8 20. h5 Bf5 21. g4 Be6 22.
Nf4 Nd5 23. Qd2 Nxf4 24. Qxf4 Qg5 25. Qg3 Bd5 26. f4 Qd8 27. g5 Re3 28. Qg4
hxg5 29. fxg5 Qc8 30. Qxc8+ Rxc8 31. Kh2 Rce8 32. Bd3 Rxe1 33. h6 Rxa1 34. h7+
Kh8 0-1

[Event "Festiwal Szachowy "Przy szachownicy" B"]
[Site "Krakow"]
[Date "2010.06.27"]
[Round "4"]
[White "Kosztyla, Andrzej"]
[Black "Kyc, Jerzy"]
[Result "1/2-1/2"]
[WhiteElo "1671"]
[BlackElo "1522"]
[PlyCount "40"]
[EventDate "2010.06.25"]
[EventType "tourn"]
[EventRounds "9"]
[EventCountry "POL"]

1. e4 c5 2. Nc3 Nc6 3. g3 d6 4. Bg2 Nf6 5. Nge2 g6 6. h3 Bg7 7. d3 e6 8. O-O
O-O 9. Be3 Rb8 10. a4 b6 11. Qd2 d5 12. exd5 Nxd5 13. Bh6 Nxc3 14. Nxc3 Nd4 15.
Bxg7 Kxg7 16. Ne2 Bb7 17. Nxd4 Qxd4 18. b3 Bxg2 19. Kxg2 Rfd8 20. Qe2 Rd5
1/2-1/2

[Event "Festiwal Szachowy "Przy szachownicy" B"]
[Site "Krakow"]
[Date "2010.06.27"]
[Round "4"]
[White "Oleksy, Helena"]
[Black "Betlej, Jan"]
[Result "1/2-1/2"]
[WhiteElo "1250"]
[BlackElo "1800"]
[PlyCount "60"]
[EventDate "2010.06.25"]
[EventType "tourn"]
[EventRounds "9"]
[EventCountry "POL"]

1. d4 Nf6 2. c4 e5 3. d5 Bb4+ 4. Nd2 d6 5. Qa4+ c6 6. Qxb4 Na6 7. Qc3 cxd5 8.
e3 Bf5 9. Ngf3 dxc4 10. Bxc4 Rc8 11. Qb3 Qa5 12. Qb5+ Qxb5 13. Bxb5+ Ke7 14.
O-O Nb4 15. Ba4 Rc7 16. Nb1 Bd3 17. Re1 Bc2 18. Bd2 Nd3 19. Bxc2 Rxc2 20. Rf1
Ne4 21. Be1 Rxb2 22. Nc3 f5 23. Nxe4 fxe4 24. Ng5 d5 25. f3 Rc8 26. fxe4 Rcc2
27. Bg3 h6 28. Nh3 Rxg2+ 29. Kh1 dxe4 30. Rg1 Rge2 1/2-1/2

[Event "Festiwal Szachowy "Przy szachownicy" B"]
[Site "Krakow"]
[Date "2010.06.27"]
[Round "5"]
[White "Wojdynski, Jakub"]
[Black "Puklo, Tomasz"]
[Result "1-0"]
[WhiteElo "1800"]
[BlackElo "1400"]
[PlyCount "87"]
[EventDate "2010.06.25"]
[EventType "tourn"]
[EventRounds "9"]
[EventCountry "POL"]

1. e4 e5 2. Nf3 Nc6 3. Bc4 Bc5 4. O-O h6 5. h3 d6 6. Re1 Nf6 7. c3 O-O 8. d4
exd4 9. cxd4 Bb4 10. Bd2 Re8 11. Bxb4 Nxb4 12. a3 Na6 13. Nc3 b6 14. Qd3 Bb7
15. Bxa6 Bc6 16. d5 Bd7 17. Rac1 Nh5 18. Qd2 Qf6 19. Be2 Nf4 20. Kh2 g5 21. Qd4
Qg6 22. Ng1 g4 23. g3 Nxh3 24. Nxh3 Qh5 25. Bf1 gxh3 26. Qf6 Qg4 27. Be2 Qg6
28. Qxg6+ fxg6 29. Bf1 Rf8 30. Rc2 Rf3 31. Bxh3 Bxh3 32. Kxh3 h5 33. Kg2 Re8
34. Kxf3 Rf8+ 35. Kg2 Re8 36. Rce2 Re5 37. f4 Re7 38. e5 h4 39. exd6 Rg7 40.
Re8+ Kh7 41. R1e7 cxd6 42. Rxg7+ Kxg7 43. Re6 hxg3 44. Rxd6 1-0

[Event "Festiwal Szachowy "Przy szachownicy" B"]
[Site "Krakow"]
[Date "2010.06.27"]
[Round "5"]
[White "Lankof, Piotr"]
[Black "Kosztyla, Andrzej"]
[Result "1/2-1/2"]
[WhiteElo "1455"]
[BlackElo "1671"]
[PlyCount "59"]
[EventDate "2010.06.25"]
[EventType "tourn"]
[EventRounds "9"]
[EventCountry "POL"]

1. e4 e5 2. Nf3 Nf6 3. Nc3 Bb4 4. Nxe5 d6 5. Nf3 Bxc3 6. bxc3 Nxe4 7. Qe2 Qe7
8. Bb2 Nc6 9. d3 Nc5 10. Qxe7+ Nxe7 11. c4 O-O 12. O-O-O Ng6 13. h3 Bd7 14. d4
Ne4 15. Rg1 Nxf2 16. Rd2 Ne4 17. Rd1 Ng3 18. Bd3 Nf4 19. Rd2 Nxd3+ 20. cxd3
Rfe8 21. Kb1 Re3 22. c5 Bxh3 23. gxh3 Rxf3 24. Rdg2 Rf1+ 25. Rxf1 Nxf1 26. d5
g6 27. c6 b6 28. Re2 Kf8 29. Bf6 Ng3 30. Re7 1/2-1/2

[Event "Festiwal Szachowy "Przy szachownicy" B"]
[Site "Krakow"]
[Date "2010.06.27"]
[Round "5"]
[White "Jedrzejowski, Mariusz"]
[Black "Oleksy, Helena"]
[Result "1-0"]
[WhiteElo "1800"]
[BlackElo "1250"]
[PlyCount "89"]
[EventDate "2010.06.25"]
[EventType "tourn"]
[EventRounds "9"]
[EventCountry "POL"]

1. Nf3 d5 2. d4 Nf6 3. c4 e6 4. e3 c5 5. Nc3 Nc6 6. a3 b6 7. cxd5 Nxd5 8. Bb5
Bb7 9. Ne5 Qc7 10. Nxd5 exd5 11. Qa4 Rc8 12. O-O Bd6 13. Bxc6+ Bxc6 14. Nxc6
Qxc6 15. Qxc6+ Rxc6 16. Bd2 Kd7 17. Bc3 f6 18. Rfd1 c4 19. a4 Re8 20. Re1 a5
21. f3 Rcc8 22. Kf2 f5 23. h3 Re6 24. Re2 Rg6 25. f4 Re6 26. Rg1 Rce8 27. Ree1
h6 28. h4 Kc6 29. g4 fxg4 30. Rxg4 g6 31. Rg3 R8e7 32. Reg1 Rg7 33. R3g2 Be7
34. f5 Rf6 35. Rxg6 Rgxg6 36. Rxg6 Rxg6 37. fxg6 Bf6 38. h5 Kd6 39. Kf3 Ke6 40.
e4 dxe4+ 41. Kxe4 Kd6 42. d5 Bxc3 43. bxc3 Ke7 44. d6+ Kxd6 45. g7 1-0

[Event "Festiwal Szachowy "Przy szachownicy" B"]
[Site "Krakow"]
[Date "2010.06.27"]
[Round "5"]
[White "Betlej, Jan"]
[Black "Byrka, Joanna"]
[Result "0-1"]
[WhiteElo "1800"]
[BlackElo "1831"]
[PlyCount "114"]
[EventDate "2010.06.25"]
[EventType "tourn"]
[EventRounds "9"]
[EventCountry "POL"]

1. d4 Nf6 2. c4 c5 3. d5 b5 4. cxb5 a6 5. b6 d6 6. Nc3 g6 7. e4 Bg7 8. Be2 O-O
9. a4 Qxb6 10. Nf3 Nbd7 11. Nd2 Rb8 12. Nc4 Qc7 13. a5 Ne8 14. Bd2 Ne5 15. Nb6
Nd7 16. Nca4 Nef6 17. Qc2 Nxb6 18. Nxb6 Nd7 19. Nc4 Ne5 20. Nxe5 Bxe5 21. Bc3
Bxc3+ 22. bxc3 Bd7 23. O-O Bb5 24. Bxb5 Rxb5 25. Qa4 Rfb8 26. Rfd1 Rb3 27. Qc4
Qb7 28. Kf1 Rb2 29. g3 Qb5 30. Qxb5 R8xb5 31. Ke1 Rc2 32. Rdc1 Rxc1+ 33. Rxc1
Rxa5 34. Rc2 Ra1+ 35. Kd2 a5 36. Kd3 Kg7 37. h4 Kf6 38. Ke3 a4 39. Kf4 a3 40.
g4 Rb1 41. Ra2 Rb3 42. g5+ Kg7 43. c4 Rh3 44. Kg4 Rc3 45. Kf4 Kf8 46. f3 Ke8
47. Kg4 Kd7 48. h5 Kc7 49. hxg6 hxg6 50. Kg3 Rb3 51. Kg4 Kb6 52. Rc2 Ka5 53. f4
Kb4 54. f5 Rb2 55. Rc1 a2 56. e5 gxf5+ 57. Kxf5 dxe5 0-1

[Event "Festiwal Szachowy "Przy szachownicy" B"]
[Site "Krakow"]
[Date "2010.06.29"]
[Round "7"]
[White "Wojdynski, Jakub"]
[Black "Byrka, Joanna"]
[Result "1/2-1/2"]
[WhiteElo "1800"]
[BlackElo "1831"]
[PlyCount "55"]
[EventDate "2010.06.25"]
[EventType "tourn"]
[EventRounds "9"]
[EventCountry "POL"]

1. e4 c5 2. Ne2 Nc6 3. g3 Nf6 4. Bg2 e6 5. Nbc3 Be7 6. O-O d5 7. exd5 exd5 8.
d4 cxd4 9. Nxd4 O-O 10. Bf4 a6 11. a3 Nxd4 12. Qxd4 Be6 13. Rfd1 Rc8 14. Nxd5
Nxd5 15. Bxd5 Bxd5 16. Qxd5 Qxd5 17. Rxd5 Rxc2 18. Rd7 Bf6 19. Rxb7 Rxb2 20.
Rb1 Rxb1+ 21. Rxb1 Bd4 22. Rb4 Bc5 23. Rc4 Bxa3 24. Ra4 Bb2 25. Rxa6 g6 26. Bh6
Bg7 27. Bxg7 Kxg7 28. Rd6 1/2-1/2

[Event "Festiwal Szachowy "Przy szachownicy" B"]
[Site "Krakow"]
[Date "2010.06.29"]
[Round "7"]
[White "Puklo, Tomasz"]
[Black "Oleksy, Helena"]
[Result "0-1"]
[WhiteElo "1400"]
[BlackElo "1250"]
[PlyCount "83"]
[EventDate "2010.06.25"]
[EventType "tourn"]
[EventRounds "9"]
[EventCountry "POL"]

1. e4 e5 2. Nf3 Nc6 3. Bc4 Be7 4. Nc3 Nf6 5. d3 O-O 6. Bg5 b6 7. a3 Bb7 8. Qd2
Nh5 9. Be3 Na5 10. Nxe5 Nxc4 11. Nxc4 c5 12. Qe2 Nf6 13. O-O-O Ne8 14. g4 Nc7
15. Rdg1 b5 16. Na5 Rb8 17. g5 Ne6 18. h4 Qxa5 19. h5 b4 20. Nb1 bxa3 21. Nxa3
c4 22. Nxc4 Qa1+ 23. Kd2 Qa4 24. g6 fxg6 25. hxg6 h6 26. Ra1 Qb5 27. Rxa7 Bc5
28. Raa1 d5 29. Bxc5 Qxc5 30. Ne5 Rxf2 31. Nd7 Rxe2+ 32. Kxe2 Qxc2+ 33. Ke3 d4+
34. Kf3 Qxd3+ 35. Kf2 Qe3+ 36. Kf1 Bxe4 37. Ra3 Qc1+ 38. Kf2 Qxb2+ 39. Ke1 Qxa3
40. Rh5 Rb1+ 41. Kd2 Rb2+ 42. Kc1 0-1